[Event "Fide Mercenarios 51st"]
[Site "Mexico City"]
[Date "2000.10.14"]
[Round "2"]
[White "Padilla Liceaga, Jorge"]
[Black "Gonzalez Salto, Roberto"]
[Result "1-0"]
[WhiteElo "2164"]
[BlackElo "2250"]
[PlyCount "91"]
[EventDate "2000.12.??"]
[EventType "tourn"]
[EventRounds "13"]
[EventCountry "MEX"]
[SourceTitle "EXT 2002"]
[Source "ChessBase"]
[SourceDate "2001.11.25"]
[SourceVersion "1"]
[SourceVersionDate "2001.11.25"]
[SourceQuality "1"]

1. d4 Nf6 2. c4 e6 3. g3 c5 4. d5 exd5 5. cxd5 g6 6. Nc3 d6 7. Nf3 Bg7 8. Bg2 0-0 9. 0-0 a6 10. a4 Re8 11. Nd2 Nbd7 12. Nc4 Nb6 13. Na3 Rb8 14. a5 Na8 15. Nc4 b5 16. axb6 Nxb6 17. Na5 Qc7 18. Nc6 Ra8 19. Re1 Bg4 20. h3 Bd7 21. e4 Qc8 22. Kh2 Nc4 23. f4 h5 24. Qb3 Bxc6 25. dxc6 d5 26. Nxd5 Nxd5 27. Qxc4 Nb4 28. e5 Bf8 29. Bd2 Nxc6 30. Bd5 Ra7 31. Qe4 Ne7 32. Bc4 Rd8 33. Bc3 Bg7 34. Qe2 Nd5 35. Ba5 h4 36. Bxd8 hxg3+ 37. Kxg3 Nxf4 38. Kxf4 Qxd8 39. Kg3 Qg5+ 40. Qg4 Bxe5+ 41. Kg2 Qf6 42. Rf1 Qb6 43. Rae1 Bd4 44. Qh4 Qxb2+ 45. Re2 Qc3 46. Re8+ 1-0